| 000 | 00491nam a2200193Ia 4500 | ||
|---|---|---|---|
| 003 | OSt | ||
| 005 | 20250822100824.0 | ||
| 008 | 210210b1977 xxu||||| |||| 00| 0 eng d | ||
| 040 | _cAL | ||
| 041 | _aKannada | ||
| 082 | _aK894.3 ASHM | ||
| 100 |
_aASHVINI. _dಅಶ್ವಿನಿ _9236933 |
||
| 245 |
_aMaitri. _bಮೈತ್ರಿ |
||
| 260 |
_aBengaluru _bRajalakshmi Prakashana _c1977 |
||
| 300 | _a300 | ||
| 690 |
_aKannada Fiction _9236934 |
||
| 906 | _aSG00025 | ||
| 942 |
_2ddc _cSG |
||
| 999 |
_c111597 _d111597 |
||